MARC details
| 000 -CABECERA |
| campo de control de longitud fija |
01328nam a22003497a 4500 |
| 003 - IDENTIFICADOR DEL NÚMERO DE CONTROL |
| campo de control |
DO-SdBNP |
| 005 - FECHA Y HORA DE LA ÚLTIMA TRANSACCIÓN |
| campo de control |
20251020111326.0 |
| 007 - CAMPO FIJO DE DESCRIPCIÓN FÍSICA--INFORMACIÓN GENERAL |
| campo de control de longitud fija |
ta |
| 008 - DATOS DE LONGITUD FIJA--INFORMACIÓN GENERAL |
| campo de control de longitud fija |
210910e2017 a|||| |||| 00| 0aspa |
| 020 ## - NÚMERO INTERNACIONAL ESTÁNDAR DEL LIBRO |
| Número Internacional Estándar del Libro |
9789945906417 |
| 040 ## - FUENTE DE LA CATALOGACIÓN |
| Centro catalogador/agencia de origen |
DO-SdBNP |
| Lengua de catalogación |
spa |
| Centro/agencia transcriptor |
BNPHU |
| 082 ## - NÚMERO DE LA CLASIFICACIÓN DECIMAL DEWEY |
| Número de edición |
22 |
| Número de clasificación |
350.1 |
| Número de documento/Ítem |
G643g |
| 100 ## - ENTRADA PRINCIPAL--NOMBRE DE PERSONA |
| 9 (RLIN) |
79747 |
| Nombre de persona |
González Báez, Keila |
| 245 10 - MENCIÓN DE TÍTULO |
| Título |
La guía para emprender auque no tengas un peso / |
| Mención de responsabilidad, etc. |
Keila González Báez |
| 260 ## - PUBLICACIÓN, DISTRIBUCIÓN, ETC. |
| Lugar de publicación, distribución, etc. |
Santo Domingo : |
| Nombre del editor, distribuidor, etc. |
Bien-etre Media Group, |
| Fecha de publicación, distribución, etc. |
2017. |
| 300 ## - DESCRIPCIÓN FÍSICA |
| Extensión |
139 p. : |
| Otras características físicas |
il.; |
| Dimensiones |
21 cm. |
| 500 ## - NOTA GENERAL |
| Nota general |
Creadora de la Revista Bien-étre. |
| 500 ## - NOTA GENERAL |
| Nota general |
Incluye datos biográficos de la autora en la contraportada del libro. |
| 500 ## - NOTA GENERAL |
| Nota general |
Incluye índice de contenido. |
| 505 ## - NOTA DE CONTENIDO CON FORMATO |
| Nota de contenido con formato |
Capítulo 1. |
| Título |
Desde 1. |
| 505 ## - NOTA DE CONTENIDO CON FORMATO |
| Nota de contenido con formato |
Capítulo II. |
| Título |
"The one woman shw -- |
| 505 ## - NOTA DE CONTENIDO CON FORMATO |
| Nota de contenido con formato |
Capítulo III. |
| Título |
Hablemos de dinero -- |
| 505 ## - NOTA DE CONTENIDO CON FORMATO |
| Nota de contenido con formato |
Capítulo IV. |
| Título |
La esencia de tu marca y cómo lo comunicas al mundo -- |
| 505 ## - NOTA DE CONTENIDO CON FORMATO |
| Nota de contenido con formato |
Capítulo V. |
| Título |
Salud, hábitos y productividad -- |
| 505 ## - NOTA DE CONTENIDO CON FORMATO |
| Nota de contenido con formato |
Capítulo VI. |
| Título |
eL Fracaso: también es una posibilidad -- |
| 590 ## - NOTA LOCAL (RLIN) |
| Nota local |
Inventariado, 2021 S/A |
| 650 40 - PUNTO DE ACCESO ADICIONAL DE MATERIA--TÉRMINO DE MATERIA |
| Término de materia o nombre geográfico como elemento de entrada |
Aptitud creadora en los negocios |
| 9 (RLIN) |
11334 |
| 650 4# - PUNTO DE ACCESO ADICIONAL DE MATERIA--TÉRMINO DE MATERIA |
| Término de materia o nombre geográfico como elemento de entrada |
Microempresas |
| Subdivisión geográfica |
República Dominicana |
| 9 (RLIN) |
289 |
| 650 4# - PUNTO DE ACCESO ADICIONAL DE MATERIA--TÉRMINO DE MATERIA |
| 9 (RLIN) |
7710 |
| Término de materia o nombre geográfico como elemento de entrada |
Éxito en los negocios. |
| 910 ## - DATOS DE OPCIÓN DEL USUARIO (OCLC) |
| Datos de opción del usuario |
Saquino |
| 942 ## - ELEMENTOS DE PUNTO DE ACCESO ADICIONAL (KOHA) |
| Fuente del sistema de clasificación o colocación |
Dewey Decimal Classification |
| Tipo de ítem Koha |
Libro |